000 00395nam a2200157Ia 4500
008 151213s9999 xx 000 0 und d
100 _aSusan Andrws Kunze
245 _aCrammer & Punctuation
_cSusan Andrws Kunze
250 _a1st
260 _aIndia
_bViva Education
_c2004
300 _a3642 p.
650 _aEnglish
650 _aEnglish
700 _aSusan Andrws Kunze
999 _c2429
_d2429